00680 2200241 4500001002100000005001700021008004100038020002200079035002500101040001200126082001100138084002100149100002400170245008200194250001100276260002800287300003100315500002700346650001800373700001400391850001200405990002100417INLIS00000000002032920160525085317.0  a978-602-0806-85-3 a0010-051600000000763 aYOPDYOG a297.35 aDEP 297.35 Say T aSAYYID M. DZIKRI H. aTuntunan shalat untuk semua orangc/ Sayyid M. Dzikri H. ; editor, Ichsan MJ. aCet. 1 aYogyakartabSabilc2016 a184 hlm.b: ilus.c; 20 cm aBibliografi : hlm. 183 aSalat-Pedoman aIchsan MJ aYOPDYOG aCB-D.11/2016-294